Normal view
MARC view
Entry Personal Name
001 - CONTROL NUMBER
- control field: 56072
003 - CONTROL NUMBER IDENTIFIER
- control field: dpl
005 - DATE AND TIME OF LATEST TRANSACTION
- control field: 20230906153102.0
008 - FIXED-LENGTH DATA ELEMENTS
- fixed length control field: 230906|| aca||aabn | a|a d
040 ## - CATALOGING SOURCE
- Original cataloging agency: dpl
- Transcribing agency: dpl
100 ## - HEADING--PERSONAL NAME
- Personal name: बी. एस. डागर
670 ## - SOURCE DATA FOUND
- Source citation: Work cat.: (dpl)197934: नागराजन,करुणा (Et. All...) 56005, योग शिक्षा:
